[Event "FIDE Chesscom Grand Swiss 2019"]
[Site "Douglas-Isle of Man"]
[Date "2019.10.13"]
[Round "4.15"]
[White "Svidler, Peter"]
[Black "Riazantsev, Alexander"]
[Result "1/2-1/2"]
[WhiteElo "2729"]
[BlackElo "2645"]
[Annotator "TA"]
[PlyCount "36"]
[EventDate "2019.10.10"]
[EventType "swiss"]
[EventCountry "GBR"]
[SourceTitle "playchess.com"]
[Source "ChessBase"]
[SourceQuality "1"]

{[%evp 12,36,16,16,10,0,0,0,0,0,0,0,0,0,0,0,5,0,0,0,0,-15,0,-18,0,-27,0]} 1. e4 c6 2. d4 d5 3. exd5 cxd5 4. Bd3 Nc6 5. c3 Nf6 6. h3 g6 7. Bf4 Bf5 {B13: Caro-Kann: Exchange Variation and Panov-Botvinnik Attack} 8. Be2 e6 (8... Be4 9. Nf3 Bxf3 10. Bxf3 e6 11. O-O Bd6 12. Bh6 Bf8 13. Bf4 Bd6 14. Bh6 Bf8 15. Bf4 {½-½ (15) Ragger,M (2687)-Tomashevsky,E (2705) St Petersburg 2018}) 9. Nd2 h5 {The position is equal.} 10. Qb3 Bd6 11. Bg5 $146 {[#] Black must now prevent Bxf6.} ({Predecessor:} 11. Qxb7 Bxf4 12. Qxc6+ Kf8 13. Ngf3 Kg7 14. Nb3 Rb8 15. O-O {0-1 (28) Shuvalova,P (2419)-Girya,O (2462) Izhevsk 2019}) 11... Rb8 12. Ngf3 Kf8 13. O-O Kg7 14. c4 Be7 15. Bf4 Bd6 16. Bg5 Be7 17. Bf4 Bd6 18. Bg5 Be7 {Accuracy: White = 68%, Black = 71%.} 1/2-1/2

[Event "FIDE Chesscom Grand Swiss 2019"]
[Site "Douglas-Isle of Man"]
[Date "2019.10.13"]
[Round "4.15"]
[White "Puranik, Abhimanyu"]
[Black "Nguyen, Ngoc Truong Son"]
[Result "1/2-1/2"]
[WhiteElo "2571"]
[BlackElo "2638"]
[Annotator "RC"]
[PlyCount "61"]
[EventDate "2019.10.10"]
[EventType "swiss"]
[EventCountry "GBR"]
[SourceTitle "playchess.com"]
[Source "ChessBase"]
[SourceQuality "1"]
[TimeControl "40/6000+30:20/3000+30:900+30"]

1. e4 {[%emt 0:00:00]} e5 {[%emt 0:00:00]} 2. Nf3 {[%emt 0:00:00]} Nf6 {[%emt 0:00:06]} 3. Nxe5 {[%emt 0:00:25]} d6 {[%emt 0:00:12]} 4. Nf3 {[%emt 0:00:04]} Nxe4 {[%emt 0:00:10]} 5. Nc3 {[%emt 0:00:17]} Nxc3 {[%emt 0:00:12]} 6. dxc3 {[%emt 0:00:04]} Be7 {[%emt 0:00:15]} 7. Be3 {[%emt 0:00:44]} Nc6 {[%emt 0:00:12]} 8. Bd3 {[%emt 0:05:08]} Be6 {[%emt 0:01:31]} 9. Nd4 {[%emt 0:08:13]} Nxd4 {[%emt 0:02:01]} 10. cxd4 {[%emt 0:00:17]} Qd7 {[%emt 0:01:52]} 11. c4 {[%emt 0:05:04]} Bf5 {[%emt 0:05:06]} 12. Be2 {[%emt 0:13:54]} O-O {[%emt 0:05:40]} 13. O-O {[%emt 0:02:03]} c6 {[%emt 0:03:21]} 14. Re1 {[%emt 0:15:30]} Rfe8 {[%emt 0:01:32]} 15. Bf3 {[%emt 0:08:42]} Bf6 {[%emt 0:02:02]} 16. Qd2 {[%emt 0:01:42]} Be4 {[%emt 0:11:03]} 17. Bxe4 {[%emt 0:00:38]} Rxe4 {[%emt 0:03:28]} 18. f3 {[%emt 0:00:12]} Re7 {[%emt 0:01:10]} 19. Bg5 {[%emt 0:01:43]} Bxg5 {[%emt 0:00:17]} 20. Qxg5 {[%emt 0:00:08]} Rae8 {[%emt 0:00:17]} 21. Kf2 {[%emt 0:13:22]} h6 {[%emt 0:03:55]} 22. Rxe7 {[%emt 0:03:59]} Rxe7 {[%emt 0:00:20]} 23. Qd2 {[%emt 0:00:25]} Qf5 {[%emt 0:07:28]} 24. Re1 {[%emt 0:01:32]} Kf8 {[%emt 0:03:01]} 25. Rxe7 {[%emt 0:05:53]} Kxe7 {[%emt 0:00:04]} 26. g4 {[%emt 0:03:34]} Qf6 {[%emt 0:04:25]} 27. Kg3 {[%emt 0:01:20]} Qe6 {[%emt 0:02:50]} 28. b3 {[%emt 0:02:19]} Kd7 {[%emt 0:02:40]} 29. h4 {[%emt 0:02:05]} b6 {[%emt 0:00:43]} 30. h5 {[%emt 0:01:35]} d5 {[%emt 0:02:40]} 31. Qd3 {[%emt 0:01:12]} 1/2-1/2

[Event "FIDE Chesscom Grand Swiss 2019"]
[Site "Douglas-Isle of Man"]
[Date "2019.10.13"]
[Round "4.16"]
[White "Bu, Xiangzhi"]
[Black "Papaioannou, Ioannis"]
[Result "1/2-1/2"]
[WhiteElo "2721"]
[BlackElo "2645"]
[Annotator "TA"]
[PlyCount "55"]
[EventDate "2019.10.10"]
[EventType "swiss"]
[EventCountry "GBR"]
[SourceTitle "playchess.com"]
[Source "ChessBase"]
[SourceQuality "1"]

{[%evp 11,55,-14,-1,-8,-7,-10,-4,-10,-8,-16,-16,-6,-15,-16,0,0,0,-13,-13,-13,-13,-14,-18,-12,-10,-12,-18,-13,-14,-15,-12,-29,-28,-27,-20,-9,0,0,0,-1,0,0,0,0,0,0]} 1. c4 e5 2. Nc3 Bb4 3. g3 Bxc3 4. dxc3 d6 5. Bg2 Nc6 6. Nf3 Nge7 7. O-O {A21: English Opening: 1...e5 2 Nc3} (7. c5 d5 8. b4 f6 9. Nd2 Be6 10. Nb3 Qc8 11. O-O Bh3 12. b5 Nd8 13. Bxh3 Qxh3 14. c6 bxc6 {½-½ (48) Zhao,J (2627)-Ni,H (2674) China 2019}) 7... Be6 8. b3 h6 9. e4 Qd7 10. Re1 Bh3 11. Bh1 Bg4 $146 ({Predecessor:} 11... g5 12. Nd2 {0-1 (36) Toldaev,S (2568)-Kovernikov,B (2441) ICCF corr 2004}) 12. Qd3 f5 13. exf5 Bxf5 14. Qe2 Bg4 15. Qd3 O-O 16. Nd2 Rf7 17. f3 Bf5 18. Qe2 Raf8 19. Ne4 Kh8 20. Bd2 Ng8 21. Rf1 Nf6 22. Nf2 Bg6 23. Rae1 {The position is equal.} Bh5 24. Bg2 Qd8 25. Kh1 Qd7 26. Kg1 Qd8 27. Kh1 Qd7 28. Kg1 {Accuracy: White = 73%, Black = 69%.} 1/2-1/2

[Event "FIDE Chesscom Grand Swiss 2019"]
[Site "Douglas-Isle of Man"]
[Date "2019.10.13"]
[Round "4.17"]
[White "Matlakov, Maxim"]
[Black "Lupulescu, Constantin"]
[Result "1/2-1/2"]
[WhiteElo "2716"]
[BlackElo "2643"]
[Annotator "TA"]
[PlyCount "203"]
[EventDate "2019.10.10"]
[EventType "swiss"]
[EventCountry "GBR"]
[SourceTitle "playchess.com"]
[Source "ChessBase"]
[SourceQuality "1"]

{[%evp 14,203,18,12,15,14,1,3,4,19,9,19,6,10,14,14,10,0,9,8,25,20,9,8,7,24,18,4,4,7,35,37,37,27,157,157,157,157,157,157,157,158,158,118,120,129,134,131,123,95,85,77,77,77,81,77,95,95,114,114,114,114,114,114,114,114,114,114,114,114,114,114,114,114,114,114,114,114,114,114,114,114,114,114,114,114,114,114,114,114,114,107,107,107,107,103,94,0,107,107,107,107,107,107,135,135,135,135,135,135,135,135,135,135,135,135,135,135,135,135,135,135,135,135,135,135,135,135,135,135,135,135,135,0,135,0,135,135,135,135,135,135,135,135,135,135,135,135,135,135,135,135,135,135,135,135,135,135,135,135,135,135,135,135,135,135,135,135,135,135,135,135,135,0,135,0,135,135,135,135,135,135,135,135,135,135,135,135,135,135,135,135]} 1. c4 $146 ({Predecessor:} 1. Nf3 d5 2. c4 e6 3. g3 Nf6 4. Bg2 d4 5. O-O c5 6. e3 Nc6 7. exd4 {0-1 (43) Maghsoodloo,P (2673)-Matlakov,M (2692) Sharjah 2019}) 1... e6 2. g3 d5 3. Bg2 d4 4. Nf3 c5 5. e3 Nc6 6. exd4 cxd4 7. O-O Nf6 8. d3 Bd6 {A13: English Opening: 1...e6} 9. Bg5 h6 10. Bxf6 $1 Qxf6 {The position is equal.} 11. Nbd2 Qe7 12. a3 a5 13. Ne4 Bc7 14. b4 axb4 15. axb4 Rxa1 16. Qxa1 Qxb4 17. Rb1 Qe7 18. Nxd4 Nxd4 19. Qxd4 O-O $1 20. c5 Rd8 $1 {[%cal Rd8d4]} 21. Qc3 Qd7 22. Rb3 Qa4 23. h4 Be5 (23... f5 $11 24. Nd6 Bxd6 25. cxd6 Qa6) 24. Qxe5 $16 Qxb3 {[#]} 25. Qc7 $1 $36 {[%cal Rc7d8][%mdl 2048] White is on the roll.} Rf8 26. Nd6 $1 {[%csl LRb7,LRc8][%mdl 64] Double Attack} b6 27. Nxc8 bxc5 28. Bf1 Qc3 29. Nb6 Qd4 30. Nd7 Ra8 31. Qc6 Qa4 32. Qxa4 Rxa4 33. Nxc5 Ra5 34. Nb3 Ra3 35. Nd2 h5 36. Kg2 g6 37. Kf3 Kg7 38. Ke3 Ra1 39. d4 Ra3+ 40. Bd3 Kf8 41. Nc4 Ra4 42. Ne5 Ra3 43. Kd2 Ra2+ 44. Bc2 Kg7 45. Kc3 Ra8 46. Bb3 Rd8 47. d5 exd5 48. Kd4 Re8 49. Bxd5 f6 50. Nd3 Re2 51. Bf3 Ra2 52. Be4 Ra4+ 53. Ke3 Ra3 54. Ke2 Ra2+ 55. Ke3 Ra3 56. Bd5 Ra5 57. Nf4 Ra3+ 58. Kd2 f5 59. Bc6 {And now Be8 would win.} Kf7 60. Nd3 Kf6 61. Ke3 Ra6 62. Nb4 Ra5 63. Kd4 Ra1 64. Nd5+ Kf7 65. Bb5 Ra2 {[#]} 66. Ke3 $1 Ra5 67. Bc4 Kg7 68. Kd4 Ra1 69. Ke5 Ra4 70. Ne3 Rb4 71. Kf4 Kh6 72. Kf3 Kg7 73. Kf4 Kh6 $1 74. Ke5 Kg7 75. Bd3 Rb2 76. Bc2 Rb5+ 77. Kd4 Rb4+ 78. Kc3 Rb8 79. Nd5 Re8 {intending ...Re2.} 80. Nf4 Rc8+ 81. Kd2 Rd8+ 82. Nd3 Kf6 83. f4 Ra8 84. Bb3 Ra3 85. Bc4 Ra4 86. Ne5 Ra3 87. Bd3 Ra2+ 88. Ke3 Ra3 89. Kf2 Ra2+ 90. Kf3 Ra3 91. Kg2 Ra2+ 92. Kh3 Ra5 93. Bc4 (93. Nf3 $16) 93... Ra7 (93... Rxe5 $1 $11 {keeps the balance.} 94. fxe5+ Kxe5) 94. Bb5 ({White should try} 94. Kg2 $16) 94... Ra8 (94... Ra5 $1 $11 95. Be8 Rxe5 96. fxe5+ Kxe5) 95. Bc6 {White is clearly better.} Rd8 96. Kg2 Kg7 97. Kf3 Kf6 98. Ke3 Kg7 99. Bb5 Ra8 100. Kd4 Kf6 101. Bc6 Ra3 102. Nd3 {Accuracy: White = 84%, Black = 86%.} 1/2-1/2

[Event "FIDE Chesscom Grand Swiss 2019"]
[Site "Douglas-Isle of Man"]
[Date "2019.10.13"]
[Round "4.17"]
[White "Sebag, Marie"]
[Black "Abasov, Nijat"]
[Result "0-1"]
[WhiteElo "2445"]
[BlackElo "2632"]
[Annotator "RC"]
[PlyCount "90"]
[EventDate "2019.10.10"]
[EventType "swiss"]
[EventCountry "GBR"]
[SourceTitle "playchess.com"]
[Source "ChessBase"]
[SourceQuality "1"]
[TimeControl "40/6000+30:20/3000+30:900+30"]

1. e4 {[%emt 0:00:00]} g6 {[%emt 0:00:00]} 2. d4 {[%emt 0:00:33]} Bg7 {[%emt 0:00:01]} 3. Nc3 {[%emt 0:02:45]} c6 {[%emt 0:00:15]} 4. Nf3 {[%emt 0:04:24]} d5 {[%emt 0:00:33]} 5. h3 {[%emt 0:01:37]} dxe4 {[%emt 0:00:34]} 6. Nxe4 {[%emt 0:00:34]} Nf6 {[%emt 0:00:12]} 7. Nxf6+ {[%emt 0:34:10]} exf6 {[%emt 0:00:20]} 8. Bc4 {[%emt 0:00:13]} O-O {[%emt 0:00:09]} 9. O-O {[%emt 0:00:06]} a5 {[%emt 0:00:05]} 10. a3 {[%emt 0:05:41]} Na6 {[%emt 0:01:13]} 11. Be3 {[%emt 0:04:36]} Nc7 {[%emt 0:00:58]} 12. Qd2 {[%emt 0:00:44]} b5 {[%emt 0:09:01]} 13. Ba2 {[%emt 0:07:28]} Be6 {[%emt 0:03:17]} 14. Bxe6 {[%emt 0:01:16]} Nxe6 {[%emt 0:00:08]} 15. a4 {[%emt 0:00:16]} b4 {[%emt 0:00:58]} 16. c4 {[%emt 0:06:29]} bxc3 {[%emt 0:00:36]} 17. bxc3 {[%emt 0:00:48]} Qd5 {[%emt 0:00:41]} 18. Bh6 {[%emt 0:00:40]} Rfd8 {[%emt 0:03:00]} 19. Bxg7 {[%emt 0:00:53]} Kxg7 {[%emt 0:00:08]} 20. Rfe1 {[%emt 0:06:40]} Rab8 {[%emt 0:04:44]} 21. Qe3 {[%emt 0:05:14]} Rb2 {[%emt 0:02:10]} 22. Re2 {[%emt 0:00:47]} Rdb8 {[%emt 0:02:47]} 23. Rxb2 {[%emt 0:03:41]} Rxb2 {[%emt 0:00:12]} 24. Qc1 {[%emt 0:00:25]} Re2 {[%emt 0:02:29]} 25. c4 {[%emt 0:08:41]} Qe4 {[%emt 0:01:16]} 26. Qc3 {[%emt 0:00:31]} h5 {[%emt 0:24:59]} 27. Re1 {[%emt 0:05:53]} Nxd4 {[%emt 0:00:40]} 28. Rd1 {[%emt 0:02:08]} Nxf3+ {[%emt 0:01:17]} 29. Qxf3 {[%emt 0:00:08]} Qxc4 {[%emt 0:01:29]} 30. g3 {[%emt 0:02:08]} Re6 {[%emt 0:00:58]} 31. Qa3 {[%emt 0:00:35]} c5 {[%emt 0:02:01]} 32. Rb1 {[%emt 0:03:00]} Re2 {[%emt 0:00:59]} 33. Qf3 {[%emt 0:01:07]} Rb2 {[%emt 0:03:06]} 34. Rd1 {[%emt 0:01:03]} Qxa4 {[%emt 0:01:23]} 35. Rd8 {[%emt 0:00:47]} Qa1+ {[%emt 0:01:21]} 36. Kg2 {[%emt 0:00:32]} Qe1 {[%emt 0:00:12]} 37. Rd6 {[%emt 0:00:44]} f5 {[%emt 0:00:19]} 38. Rd1 {[%emt 0:00:28]} Rxf2+ {[%emt 0:01:27]} 39. Qxf2 {[%emt 0:00:08]} Qxd1 {[%emt 0:00:07]} 40. Qxc5 {[%emt 0:00:17]} Qa1 {[%emt 0:00:06]} 41. g4 {[%emt 0:51:11]} fxg4 {[%emt 0:50:18]} 42. hxg4 {[%emt 0:00:03]} hxg4 {[%emt 0:00:10]} 43. Kg3 {[%emt 0:00:02]} a4 {[%emt 0:00:30]} 44. Kxg4 {[%emt 0:00:04]} a3 {[%emt 0:00:15]} 45. Kg5 {[%emt 0:00:06]} Qf6+ {[%emt 0:00:08]} 0-1

[Event "FIDE Chesscom Grand Swiss 2019"]
[Site "Douglas-Isle of Man"]
[Date "2019.10.13"]
[Round "4.18"]
[White "Amin, Bassem"]
[Black "Bluebaum, Matthias"]
[Result "0-1"]
[WhiteElo "2699"]
[BlackElo "2643"]
[Annotator "TA"]
[PlyCount "136"]
[EventDate "2019.10.10"]
[EventType "swiss"]
[EventCountry "GBR"]
[SourceTitle "playchess.com"]
[Source "ChessBase"]
[SourceQuality "1"]

{[%evp 18,136,-18,-15,8,16,34,22,33,8,14,15,15,8,10,18,15,10,16,4,24,0,25,24,24,15,71,64,73,79,76,67,126,127,125,125,138,136,129,125,131,110,110,114,123,110,112,0,112,0,126,117,117,117,117,104,104,104,104,104,104,104,104,104,105,0,0,0,0,0,0,0,0,0,0,0,0,0,0,0,0,-1066,-1091,-1422,-1093,-1187,-1012,-895,-856,-12842,-12843,-12843,-12843,-12844,-12844,-12845,-12846,-12846,-12847,-12847,-12847,-12848,-12848,-12849,-12849,-12851,-29982,-12851,-27999,-29983,-29984,-29990,-29985,-12851,-29986,-12851,-29987,-12851,-29988,-12851,-29989]} 1. g3 d5 2. Bg2 e5 3. d3 Nf6 4. Nf3 Bd6 5. O-O O-O 6. Nc3 c6 7. e4 dxe4 8. dxe4 Na6 9. h3 Nc5 10. Nh4 b5 $146 {A00: Irregular Openings} ({Predecessor:} 10... a5 11. Qf3 Qc7 12. Be3 b5 13. Rfd1 b4 14. Bxc5 Bxc5 15. Na4 Ba7 16. b3 Be6 17. Nf5 Rfd8 18. Ne3 {1-0 (55) Tanaka,T (2103)-Zhao,H (1950) Toronto 2019}) 11. Nf5 Bxf5 12. exf5 e4 {The position is equal.} 13. Be3 Qe7 14. Qe2 Rfe8 15. Rfe1 b4 16. Bxc5 bxc3 17. Bxd6 Qxd6 18. b3 Rad8 19. Qe3 Qd4 20. Re2 c5 21. Rae1 h6 (21... Qb4 $11 {keeps the balance.}) 22. Qxd4 $1 $16 Rxd4 23. Re3 Re5 24. g4 Nd5 (24... h5 $14) 25. Rxe4 Rexe4 26. Bxe4 {[%mdl 4096] Endgame KRB-KRN} Nf4 27. Kh2 Rd2 28. Re3 Ne2 29. h4 f6 30. Kg2 Kf8 31. Kf3 Nd4+ 32. Kg2 Ne2 $1 33. Kf3 Nd4+ 34. Kg3 Ne2+ 35. Kg2 Kf7 36. Bf3 Nd4 37. Rxc3 {Strongly threatening Be4.} Rxc2 38. Bd5+ Ke7 39. Rxc2 Nxc2 {KB-KN} 40. Bc4 Kd6 41. Kg3 (41. f4 $1 $16) 41... Ke5 $11 42. Kf3 a5 43. Bf7 Kd4 44. g5 hxg5 45. hxg5 Nb4 46. Kg4 Nd3 47. Kh5 {Black must now prevent Kg6.} Nxf2 48. Kg6 Ke5 49. Kxg7 $2 {[%mdl 8192]} (49. Bc4 $11 Ne4 50. gxf6 gxf6 51. a4) 49... fxg5 $19 50. Kg6 g4 51. Bc4 g3 52. Bf1 Ng4 $1 {[%cal Rg4e3]} 53. Bh3 Ne3 $1 {[%cal Re3f5]} 54. f6 {[#]} g2 $1 {[%cal Rg2g1]} 55. Bxg2 Nxg2 {KN-K3P} 56. Kf7 Nf4 57. Ke7 Nd5+ {[%mdl 64] Double Attack} 58. Kd7 Nxf6+ {KN-KPP} 59. Kc6 Ne4 60. Kb5 Kd5 61. Kxa5 Nc3 62. a4 Kc6 (62... Kd6 $19 63. Kb6 {[#]} Nxa4+ $1 {[%mdl 512]} 64. Kb7 Nb2) 63. b4 c4 64. b5+ Kc5 65. b6 Nd5 ({Weaker is} 65... Kc6 66. Kb4 $11) 66. b7 Ne7 (66... Nb4 $19 67. b8=N c3 68. Nd7+ Kc4 69. Ne5+ Kb3) 67. b8=N c3 68. Na6+ Kd6 {Accuracy: White = 57%, Black = 77%.} 0-1

[Event "FIDE Chesscom Grand Swiss 2019"]
[Site "Douglas-Isle of Man"]
[Date "2019.10.13"]
[Round "4.18"]
[White "Inarkiev, Ernesto"]
[Black "Christiansen, Johan-Sebastian"]
[Result "1/2-1/2"]
[WhiteElo "2693"]
[BlackElo "2558"]
[Annotator "TA"]
[PlyCount "81"]
[EventDate "2019.10.10"]
[EventType "swiss"]
[EventCountry "GBR"]
[SourceTitle "playchess.com"]
[Source "ChessBase"]
[SourceQuality "1"]

{[%evp 16,81,-6,-12,0,-1,-8,-2,13,8,18,0,0,0,0,0,7,2,2,2,2,0,0,-12,-12,-10,-5,-8,-16,-17,-20,-22,-22,-14,-13,-16,-15,-15,-16,-17,-14,-16,-18,-20,-24,-21,-23,-23,-6,-14,-11,-12,0,-8,-8,-17,-16,-16,-2,-3,-4,-3,-2,-3,0,0,0,0]} 1. d4 Nf6 2. Nf3 g6 3. Bf4 Bg7 4. e3 c5 5. Nbd2 d6 6. h3 O-O 7. Be2 Nc6 8. c3 cxd4 9. exd4 Nd5 {A48: 1 d4 Nf6 2 Nf3 g6: Torre, London and Colle Systems} (9... Re8 10. Nc4 Nd5 11. Bh2 b5 12. Ncd2 Rb8 13. O-O a6 14. Re1 h6 15. Bf1 Bf5 16. Ne4 Na5 17. a4 Nc4 18. axb5 axb5 {0-1 (86) Caruana,F (2822)-Vachier Lagrave,M (2779) Saint Louis 2018}) 10. Bh2 e5 {[%cal Re5d4]} 11. O-O Re8 {[%cal Re5d4]} 12. Nc4 Nf4 13. dxe5 dxe5 14. Bxf4 exf4 15. Re1 $146 ({Predecessor:} 15. Qxd8 Rxd8 16. Rfd1 Be6 17. Nd6 Bf8 18. Nxb7 Rxd1+ 19. Rxd1 {½-½ (100) Taimanov,M-Gligoric,S Vinkovci 1970}) 15... Qf6 16. Qb3 Rb8 17. Rad1 Be6 {[#] White must now prevent ...b5.} 18. Qb5 a6 19. Qc5 Bf8 20. Qg5 Be7 21. Qxf6 Bxf6 22. Nd6 Red8 23. Bc4 Bxc4 24. Nxc4 b5 25. Rxd8+ Rxd8 26. Ncd2 b4 27. Ne4 Bg7 28. cxb4 Bxb2 29. Rb1 Ba3 30. b5 axb5 31. Rxb5 Ra8 32. Nf6+ {The position is equal.} Kg7 33. Nd5 Bf8 34. Rb7 Rxa2 35. Ng5 Nd8 36. Rd7 h6 37. Nf3 $1 Nc6 {Threatening ...Ra1+.} 38. Nxf4 Ra1+ 39. Kh2 Ra7 40. Ne6+ Kg8 41. Nxf8 {Accuracy: White = 62%, Black = 66%.} 1/2-1/2

[Event "FIDE Chesscom Grand Swiss 2019"]
[Site "Douglas-Isle of Man"]
[Date "2019.10.13"]
[Round "4.19"]
[White "Howell, David W L"]
[Black "Akopian, Vladimir"]
[Result "1/2-1/2"]
[WhiteElo "2694"]
[BlackElo "2638"]
[Annotator "TA"]
[PlyCount "93"]
[EventDate "2019.10.10"]
[EventType "swiss"]
[EventCountry "GBR"]
[SourceTitle "playchess.com"]
[Source "ChessBase"]
[SourceQuality "1"]

{[%evp 16,93,0,0,4,7,6,2,6,6,4,4,25,27,27,4,6,0,0,0,0,0,0,0,0,0,0,-7,-7,-11,-11,-11,-12,-12,0,0,0,0,0,0,0,0,0,0,0,0,0,0,0,0,0,0,0,0,0,0,0,0,0,0,0,0,0,0,0,0,0,0,0,0,0,0,0,0,0,0,0,0,0,0]} 1. d4 d5 2. c4 c6 3. Nc3 Nf6 4. cxd5 cxd5 5. Bf4 Nc6 6. e3 a6 7. Bd3 Bg4 8. f3 Bh5 9. Nge2 e6 {D10: Slav Defence: 3 cxd5 (without early Nf3) and 3 Nc3} 10. O-O Be7 11. Rc1 (11. Bg3 Bg6 12. Nf4 O-O 13. Nxg6 hxg6 14. Rc1 Rc8 15. Qe2 Nd7 16. Bf2 Nb6 17. Rcd1 {1-0 (60) Laznicka,V (2662)-Maghsoodloo,P (2649) Batumi 2018}) 11... Bg6 12. Na4 Nh5 13. Nc5 Bxc5 14. Rxc5 O-O $146 ({Predecessor:} 14... Bxd3 15. Qxd3 Nxf4 16. Nxf4 O-O 17. Rfc1 {0-1 (32) Ahmad,A (1738)-Gasimov,P (2295) Al Ain 2014}) 15. Bxg6 hxg6 {The position is equal.} 16. Qd2 g5 17. Bg3 Nxg3 18. Nxg3 Qd6 19. Rc3 Rac8 20. Rfc1 Ne7 21. Nh1 Rxc3 22. Rxc3 Rc8 23. Nf2 Rxc3 24. Qxc3 Qc6 25. Qxc6 Nxc6 $11 {[%mdl 4096] Endgame KN-KN} 26. Nd3 b6 27. Kf2 f6 28. Kg3 Kf7 29. f4 gxf4+ 30. Kxf4 g5+ 31. Kf3 Kg6 32. g3 Kh5 33. h3 a5 34. a4 Ne7 35. e4 dxe4+ 36. Kxe4 Kg6 37. Ne1 Nf5 38. g4 Nd6+ 39. Kd3 Kf7 40. Ng2 Ke7 41. Ne3 Kd7 42. d5 e5 43. b3 Nb7 44. Kc4 Nd6+ 45. Kd3 Nb7 46. Kc3 Nd6 47. Kd3 {Accuracy: White = 78%, Black = 76%.} 1/2-1/2

[Event "FIDE Chesscom Grand Swiss 2019"]
[Site "Douglas-Isle of Man"]
[Date "2019.10.13"]
[Round "4.19"]
[White "Harika, Dronavalli"]
[Black "Grandelius, Nils"]
[Result "1/2-1/2"]
[WhiteElo "2495"]
[BlackElo "2691"]
[Annotator "TA"]
[PlyCount "44"]
[EventDate "2019.10.10"]
[EventType "swiss"]
[EventCountry "GBR"]
[SourceTitle "playchess.com"]
[Source "ChessBase"]
[SourceQuality "1"]

{[%evp 21,44,24,25,3,27,0,0,0,0,0,43,23,37,25,60,54,49,25,44,0,51,0,43,0,47]} 1. e4 c5 2. Nf3 d6 3. Bb5+ Bd7 4. Bxd7+ Qxd7 5. c4 Nf6 6. Nc3 g6 7. d4 cxd4 8. Nxd4 Bg7 9. f3 O-O 10. Be3 Nc6 11. O-O a6 12. a4 {B52: Sicilian: Moscow Variation with 3...Bd7} (12. Qd3 Rac8 13. b3 e6 14. Rad1 Rfd8 15. Nde2 b5 16. cxb5 Ne5 17. Qd2 axb5 18. Bb6 Re8 19. Qxd6 Qxd6 20. Rxd6 {½-½ (63) Vachier Lagrave,M (2774)-Wei,Y (2721) chess.com INT 2019}) 12... e6 13. Rc1 Rfd8 14. b3 Rac8 15. Qd2 {[#]} Ne5 $146 ({Predecessor:} 15... d5 16. cxd5 exd5 17. Nxc6 bxc6 18. exd5 Qb7 19. dxc6 Qxb3 {0-1 (45) Fierro Baquero,M (2372)-Vazquez Igarza,R (2527) Pamplona 2010}) 16. h3 Qe7 17. Rfd1 Qf8 18. Nde2 Nc6 19. Bf4 {[%cal Rf4d6]} Ne8 20. Be3 Nf6 $1 21. Bf4 {[%cal Rf4d6]} Ne8 22. Be3 Nf6 {Accuracy: White = 20%, Black = 48%.} 1/2-1/2

[Event "FIDE Chesscom Grand Swiss 2019"]
[Site "Douglas-Isle of Man"]
[Date "2019.10.13"]
[Round "4.20"]
[White "Jones, Gawain C B"]
[Black "Gukesh D"]
[Result "1/2-1/2"]
[WhiteElo "2688"]
[BlackElo "2520"]
[Annotator "TA"]
[PlyCount "73"]
[EventDate "2019.10.10"]
[EventType "swiss"]
[EventCountry "GBR"]
[SourceTitle "playchess.com"]
[Source "ChessBase"]
[SourceQuality "1"]

{[%evp 15,73,13,11,12,29,0,2,5,7,0,24,0,0,0,15,-8,-4,-8,-5,-8,-9,-16,0,0,0,0,0,0,0,0,0,0,0,-34,-34,-48,-48,-74,-50,-67,-58,-68,-56,-56,-61,-57,-59,-105,-19,-16,-19,-19,-25,-18,-16,-78,-80,-268,-240,-204]} 1. e4 c5 2. Nf3 Nc6 3. Bb5 g6 4. O-O Bg7 5. c3 Nf6 6. Re1 O-O 7. d4 d5 8. e5 Ne4 9. Be3 {B31: Sicilian: 2...Nc6 3 Bb5 g6} (9. dxc5 Bg4 10. Bf4 f6 11. e6 Nxc5 12. h3 Bxe6 13. Nd4 Nxd4 14. cxd4 Ne4 15. f3 Nd6 16. Rxe6 Nxb5 {0-1 (41) Svidler,P (2753)-Gelfand,B (2703) Jerusalem 2018}) 9... Qb6 10. Bxc6 bxc6 11. Qc1 {The position is equal.} cxd4 12. cxd4 Bf5 $146 ({Predecessor:} 12... a5 13. h3 Bf5 14. Nc3 Nxc3 15. Qxc3 Rfb8 16. Re2 Qb5 17. Rd2 Qc4 18. Qxc4 dxc4 {½-½ (37) Schulz,G (2162)-Priepke,W (2228) GER email 2013}) 13. Nc3 Nxc3 14. Qxc3 a5 15. Rec1 Rfb8 16. b3 a4 {[%cal Ra4b3]} 17. Nd2 axb3 18. axb3 Bf8 19. h3 Bd7 20. Ra4 Ra6 21. Rca1 Rba8 22. Nf3 Qb5 {[%cal Ra6a4]} 23. Qc2 Bf5 24. Qa2 {[%cal Ra4a6]} Bd3 25. e6 f6 26. Bd2 Qb7 (26... Qb8 {keeps more tension.} 27. Ba5 Bh6 28. b4 Bb5 29. Ra3 Qf4) 27. Qa3 Bb5 28. Qb4 Qc8 29. Rxa6 Rxa6 30. Re1 $1 Bd3 31. Nh4 g5 ({Better is} 31... Be4 $17 32. Qc3 Ra2) 32. Qc3 $11 Be4 $36 {[%mdl 2048] Black has some pressure.} 33. f3 gxh4 34. fxe4 Qxe6 35. e5 (35. Qd3 $11 {keeps the balance.} Ra3 36. Bb4 dxe4 37. Qxe4 (37. Bxa3 $2 {is the wrong capture.} exd3 {[%mdl 64] Discovered Attack} 38. Rxe6 d2 $19) 37... Qxe4 38. Rxe4 Rxb3 39. Bxe7) 35... Ra2 $17 36. Qb4 $2 {[#]} (36. b4 $17 {is a better defense.}) 36... Qf5 $1 $19 37. exf6 {Accuracy: White = 49%, Black = 73%.} 1/2-1/2